Studi in onore di Aldo Loiodice Vol. I

Bibliographic Details
Format: eBook
Language:Italian
Published: Bari : Cacucci Editore, 2012
Subjects:
Online Access:http://www.vlex.com/source/11178

MARC

LEADER 00000nam a22000007a 4500
005 20130502161838.0
007 cr|||| ||||
008 130502e2012 it |||||s|||| 00||0 ita d
020 |a 978-88-6611-141-2 
035 |a 11178 
040 |a vLex 
090 |c 4246  |d 4246 
245 0 0 |a Studi in onore di Aldo Loiodice  |b Vol. I  |h [Recurso electrn̤ico]  
256 |a Servicio en ln̕ea 
260 |a Bari :  |b Cacucci Editore,   |c 2012 
300 |a 1 Recurso electrn̤ico 
506 |d vLex Global  |d vLex Global (Academic Edition, excluding Law Schools)  |d vLex Global (U.S. Academic Edition, Law Schools)  |d vLex Global (U.S. Academic Edition, excluding Law Schools)  |d vLex Global (Academic Edition, Law Schools) 
650 0 4 |a Teora̕ General del Derecho 
650 0 4 |a Filosofa̕ del Derecho 
650 0 4 |a Fuentes del Derecho 
650 0 4 |a Derecho constitucional   |z Italia 
740 |a vLex Libros (Servicio en ln̕ea) 
856 |a Acceso restringido  |u http://www.vlex.com/source/11178 
942 |c BOOK 
999 0 |a Law